| 000 | 00809nam a22001935i 4500 | ||
|---|---|---|---|
| 001 | 157052 | ||
| 003 | ES-MaACL | ||
| 005 | 20230906210553.0 | ||
| 008 | 991213s1888 sp |||| | spa d | ||
| 100 | 1 |
_aLara, Juan Felipe de. _9128691 |
|
| 245 | 1 | 0 |
_aDe la peña al Sahara _b: apuntes de viaje / _cJuan Felipe de Lara. |
| 260 |
_aMadrid : _b[s.n.], _c1888 ( _fImp. de Infantería de Marina) |
||
| 300 |
_a195 p. ; _c18 cm. |
||
| 505 | 0 | _aEl Tell ; El pequeño desierto ; El Sahara y la frontera de Marruecos | |
| 530 | _aDisponible en formato digital. | ||
| 651 | 4 |
_aSahara- _xDescripción. _9137377 |
|
| 852 |
_aES-MaACL _jT-735-F-6 _z- Enc. hol. conservando cub. original _z- Enc. en un vol. facticio |
||
| 856 |
_uhttp://bdh-rd.bne.es/viewer.vm?id=0000089917&page=1 _zBiblioteca Digital Hispánica |
||
| 999 |
_c157052 _d157052 |
||